000 00774nam a22002777a 4500
003 CHAP
005 20220329134116.0
008 971013s1929 r 00010 d
010 _a15491
011 _a16463
035 _a20542
040 _cCHAP
082 _a560
_bB47
100 0 0 _aBerry, Edward Wilber.
_911988
245 _aPaleontology
260 _aNew York :
_bMcGraw-Hill,
_c1929
300 _a392 p.
_b: ilus.
590 _aBATCH-UPD
_b10
_c20130110
_lUCH01
_h2057
590 _aBATCH-UPD
_b10
_c20130410
_lUCH01
_h1410
590 _aBATCH-UPD
_b10
_c20130914
_lUCH01
_h0611
590 _aCONVERSION
_b10
_c20130109
_lUCH01
_h1310
650 1 4 _aPaleontología.
_984907
901 _aBK
942 _cLIBRO
949 _a560 B47
_bBC
_cBPP
_d-47877
_eBPP
_h7922
_i20542
_si
999 _c15491
_d15491